000
00249nam a22001097a 4500
082
_a
320
100
_a
Mehta, M. N.
_9
79819
245
_a
Cow Protection and Politics
260
_a
Delhi
_b
Mukund Pub
_c
2019
650
_a
Politics
_9
79820
942
_c
BK
999
_c
63398
_d
63398